00625nam a22001817a 4500003000400000005001700004008004100021020001800062040002200080082002300102100002700125245011800152260004300270300003600313504003300349650003100382650003000413OSt20260508013033.0260504b |||||||| |||| 00| 0 eng d a971-791-151-7 aDWCL-Main LibcOC aFil. 892 S487 2001 aSerrano, Josephine B.  aEnglish communication arts and skills through Asian and African literature, b2nd year / cSerrano, Josephine B.  aQuezon City : bPhoenix Pub., cc2001. axi , 323 p. : bill. ; c26 cm. aIncludes glossary and index. aAfro - Asian - Literature. aLiterature - Afro - Asian